Semantics (Record no. 66)

MARC details
000 -LEADER
fixed length control field 00411nam a2200169Ia 4500
020 ## - INTERNATIONAL STANDARD BOOK NUMBER
ISBN 0-521-07822-9
082 ## - DEWEY DECIMAL CLASSIFICATION NUMBER
Classification number 149.94 SEM;
245 #0 - TITLE STATEMENT
Title Semantics
260 ## - PUBLICATION, DISTRIBUTION, ETC. (IMPRINT)
Place of publication Cambridge
Name of publisher University Press
Year of publication 1971
300 ## - PHYSICAL DESCRIPTION
Number of Pages x, 603p.
504 ## - BIBLIOGRAPHY, ETC. NOTE
Bibliography, etc Inclues indexes
650 ## - SUBJECT ADDED ENTRY--TOPICAL TERM
Topical Term Sociolinguistics - Methodology
650 ## - SUBJECT ADDED ENTRY--TOPICAL TERM
Topical Term Psychological tests
650 ## - SUBJECT ADDED ENTRY--TOPICAL TERM
Topical Term Social psychology
700 ## - ADDED ENTRY--PERSONAL NAME
Personal name Steinberg, Danny D
942 ## - ADDED ENTRY ELEMENTS (KOHA)
Koha item type Books
Holdings
Withdrawn status Lost status Damaged status Not for loan Home library Current library Date acquired Full call number Accession Number Price effective from Koha item type
        NASSDOC Library NASSDOC Library 08/06/2004 149.94 SEM; 3826 18/04/2019 Books